| 000 | 00993nmc a2200337 a 4500 | ||
|---|---|---|---|
| 003 | AR-BaBNM | ||
| 005 | 20251128210024.0 | ||
| 008 | 218119s1976 ||||||||||||||000 | spa|| | ||
| 020 | _a84-329-9411-1 | ||
| 040 | _cAR-BaBNM | ||
| 100 | 1 | _aSpencer, Zane A. | |
| 245 | 1 | 0 | _a150 juegos y actividades preescolares |
| 246 | 1 | _aCiento cincuenta juegos y actividades preescolares | |
| 250 | _a1ª ed. | ||
| 260 |
_aBuenos Aires _bEdiciones Ceac _c1976 |
||
| 300 | 0 |
_a179 p. _bil. |
|
| 490 | 0 | _aEducación y enseñanza. Educación infantil | |
| 500 | 0 | _aIndice analítico de actividades p. 175-179 | |
| 650 | 4 | _aJUEGOS EDUCATIVOS | |
| 650 | 4 | _aJUEGOS INFANTILES | |
| 650 | 4 | _aACTIVIDADES INTEGRADAS | |
| 650 | 4 | _aDESARROLLO FISICO | |
| 650 | 4 | _aDESARROLLO SOCIAL | |
| 650 | 4 | _aDESARROLLO AFECTIVO | |
| 650 | 4 | _aDESARROLLO INTELECTUAL | |
| 650 | 4 | _aGUIA DEL DOCENTE | |
| 653 | _aEDUCACION INICIAL | ||
| 800 | 1 |
_aSarramona, Jaume _edirector |
|
| 942 | _cBK | ||
| 998 | _cCarmen | ||
| 999 |
_c13743 _d13743 |
||